LEADER 01096nam a2200253 4500 001 000000356519 003 CaOOAMICUS 005 20231218113725.0 008 231218s2023 it a 000 u ita r 020 $a978-88-328-5568-5 040 $aSeMil$bita 100 1 $aOdifreddi, Piergiorgio,$d<1950- >.$0(OLS)http://semarc/name/47320 245 10$aA piccole dosi :$bcontro la crisi di astinenza dalla matematica /$cPiergiorgio Odifreddi. 264 1$aMilano :$bRaffaello Cortina,$c2023. 300 $aXIV, 357 p. :$bill. ;$c23 cm 490 1 $aScienza e idee ;$v358 650 4$aMatematica.$0(OLS)http://semarc/subject/1227 830 0$aScienza e idee ;$v358.$0(OLS)http://semarc/title/5942 850 $aSeMil 852 $aSeMil$W1$xVenegono$y1$m2NA F 358$j245072$B247683$CSeMilBibl$Z2$F247683 $81 996 $6020$a978-88-328-5568-5$9(OLS)http://semarc/number/299527 996 $6245$aA piccole dosi :$bcontro la crisi di astinenza dalla matematica$9(OLS)http://semarc/title/446796 996 $6264$aMilano :$bRaffaello Cortina$9(OLS)http://semarc/publisher/31196 LEADER 01699nam a2200277 i 4500 001 000000226967 003 CaOOAMICUS 005 20151207000000.0 008 151207s1582 xx u000 u lat u 013 $a205869 026 $as.i- ers- ist. Feab (3) 1582 (R) 040 $aSeMil$bita 245 10$aOrdinarium Cartusiense, continens novae collectionis statutorum eiusdem ordinis partem primam, in qua de his tractatur quae ad uniformem modum ac ordinem divina celebrandi officia cum eisdem caeremoniis in toto ordine Cartusiensi faciunt. 260 $aParisiis :$bEx Typographia Henrici Theoderici, via Iacobaea, sub Sole aureo,$c1582. 300 $a204, [16] c. ;$c8°. 500 $aCors. ; rom. - Segn. : A-2D8 2E4. - Iniz., fregi xilogr. 500 $aMarca editoriale: Sole con faccia su nuvola, sotto un paesaggio collinare; in cornice ovale con rami. (R1058), sul front. 650 4$aCertosini - Regole e costituzioni.$0(OLS)http://semarc/subject/41172 700 1 $aThierry, Henri,$c.$0(OLS)http://semarc/name/78716 710 2 $aCertosini.$0(OLS)http://semarc/name/37868 850 $aSeMil 852 $aSeMil$W1$xVenegono$y1$mFV.F I 40$j177313$B177313$CSeMilBibl$Z2$F208431 $86 910 2 $aOrdo monachorum Cartusiensium. 996 $6245$aOrdinarium Cartusiense, continens novae collectionis statutorum eiusdem ordinis partem primam, in qua de his tractatur quae ad uniformem modum ac ordinem divina celebrandi officia cum eisdem caeremoniis in toto ordine Cartusiensi faciunt$9(OLS)http://semarc/title/324930 996 $6260$aParisiis :$bEx Typographia Henrici Theoderici, via Iacobaea, sub Sole aureo$9(OLS)http://semarc/publisher/53547